An Introduction to Artificial Intelligence Based on Reproducing Kernel Hilbert Spaces / (Record no. 612907)
[ view plain ]
| 000 -LEADER | |
|---|---|
| fixed length control field | 00421nam a22001337a 4500 |
| 020 ## - INTERNATIONAL STANDARD BOOK NUMBER | |
| International Standard Book Number | 9783030983154 |
| 040 ## - CATALOGING SOURCE | |
| Transcribing agency | NUST |
| 082 ## - DEWEY DECIMAL CLASSIFICATION NUMBER | |
| Classification number | 006.3 |
| Author Mark | PER |
| 100 ## - MAIN ENTRY--PERSONAL NAME | |
| Personal name | Pereverzyev, Sergei |
| 9 (RLIN) | 127898 |
| 245 ## - TITLE STATEMENT | |
| Title | An Introduction to Artificial Intelligence Based on Reproducing Kernel Hilbert Spaces / |
| Statement of responsibility, etc. | Sergei Pereverzyev |
| 260 ## - PUBLICATION, DISTRIBUTION, ETC. | |
| Place of publication, distribution, etc. | Switzerland : |
| Name of publisher, distributor, etc. | Birkhauser , |
| Date of publication, distribution, etc. | 2022. |
| 300 ## - PHYSICAL DESCRIPTION | |
| Extent | 152p. ; |
| Other physical details | Paperback. |
| Dimensions | 23cm. |
| 942 ## - ADDED ENTRY ELEMENTS (KOHA) | |
| Source of classification or shelving scheme | |
| Koha item type | Book |
| Withdrawn status | Lost status | Source of classification or shelving scheme | Damaged status | Not for loan | Permanent Location | Current Location | Shelving location | Date acquired | Total Checkouts | Full call number | Barcode | Date last seen | Price effective from | Koha item type |
|---|---|---|---|---|---|---|---|---|---|---|---|---|---|---|
| School of Mechanical & Manufacturing Engineering (SMME) | School of Mechanical & Manufacturing Engineering (SMME) | General Stacks | 02/18/2025 | 006.3 PER | SMME-4655 | 02/18/2025 | 02/18/2025 | Book |
